Raspredelenije i potreblenije v socialističeskich stranach iz opyta jevropejskich stran - členov SEV

Saved in:
Bibliographic Details
Main Author: Jaremenko, Galina Anatol'jevna
Format: Book
Language:Russian
Published: Moskva Nauka 1981
Tags: Add Tag
No Tags, Be the first to tag this record!

MARC

LEADER 00000nam a2200000 4500
001 c119160
005 20041019155213.4
041 0 |a rus 
044 |a RU 
245 1 0 |a Raspredelenije i potreblenije v socialističeskich stranach  |b iz opyta jevropejskich stran - členov SEV  |c Galina A. Jaremenko 
264 1 |a Moskva  |b Nauka  |c 1981 
300 |a 221 s. 
100 1 |a Jaremenko, Galina Anatol'jevna